Najlepsze kuchnie świata - Statystyki

Ogólne statystyki
  • Ten quiz został rozwiązany 225 razy
  • Średni wynik to 14 z 20
Statystyki odpowiedzi
Pozycja Kuchnia % Poprawnych
14 polska
99%
1 włoska
95%
11 chińska
91%
3 hiszpańska
90%
9 francuska
87%
4 japońska
85%
15 niemiecka
81%
2 grecka
78%
6 meksykańska
76%
7 turecka
75%
8 amerykańska
74%
5 indyjska
70%
12 brazylijska
63%
19 koreańska
61%
13 portugalska
61%
20 wietnamska
48%
18 argentyńska
44%
17 chorwacka
29%
16 indonezyjska
23%
10 peruwiańska
21%
Nie znaleziono quizów pasujących do podanych kryteriów
Rozkład punktacji
Procent ludzi z każdym wynikiem
Percentyl według liczby udzielonych odpowiedzi
Twoja historia wyników
Nie rozwiązałeś tego quizu